Rast významu spoločenskej zodpovednosti firiem (CSR) v medzinárodnom podnikaní dizertačná práca

Enregistré dans:
Détails bibliographiques
Auteur principal: Liptáková, Elena
Collectivité auteur: Obchodná fakulta EU. Katedra medzinárodného obchodu
Autres auteurs: Zorkóciová, Otília, 1954-
Format: Livre
Langue:slovaque
Publié: Bratislava 2011
Sujets:
Tags: Ajouter un tag
Pas de tags, Soyez le premier à ajouter un tag!

MARC

LEADER 00000nam a2200000 4500
001 0135340
005 20221207094848.2
041 0 |a slo 
044 |a SK 
245 1 0 |a Rast významu spoločenskej zodpovednosti firiem (CSR) v medzinárodnom podnikaní  |b dizertačná práca  |c Elena Liptáková ; školiteľ: Otília Zorkóciová 
264 1 |a Bratislava  |c 2011 
300 |a 186 s. 
610 2 0 |a zodpovednosť spoločenská 
610 2 0 |a podnikanie medzinárodné 
610 2 0 |a etika podnikateľská 
610 2 0 |a korporácie 
100 1 |a Liptáková, Elena 
700 1 |a Zorkóciová, Otília, 1954- 
710 2 |a Obchodná fakulta EU. Katedra medzinárodného obchodu